Score 0/52 Timer 05:00
0 Plays Today
Clue 4-Letter Word % Correct
One Day at a ____*TIME*
98%
Adventure ____*TIME*
98%
The Facts of ____*LIFE*
91.1%
Nip/____*TUCK*
90.5%
Father Knows ____*BEST*
90.2%
The A-____*TEAM*
88.9%
The Twilight ____*ZONE*
88.6%
Infester of children's hairLICE
88.3%
Happy ____*DAYS*
88%
Tightly-closed handFIST
86.6%
Press Your ____*LUCK*
86.6%
Tongue the surface ofLICK
85.9%
An outdoor parasitic pestTICK
85.5%
Cod or haddock, e.g.FISH
84.9%
The ____ Housewives of Atlanta*REAL*
84.8%
____ the Clock*BEAT*
84%
Let's Make a ____*DEAL*
83.4%
Rear part of the bodyBACK
82.2%
A large bookTOME
82.1%
Ceases to liveDIES
81.9%
Quality or character of soundTONE
81.7%
Pull apartTEAR
81.6%
Quantum ____*LEAP*
81%
My Three ____*SONS*
80.8%
Family ____*TIES*
80.6%
Hangin' ____ Mr. Cooper*WITH*
79.6%
Clue 4-Letter Word % Correct
A long wood or metal supportBEAM
79.4%
BJ and the ____*BEAR*
79.1%
Be withoutLACK
79%
Part of a forkTINE
78.8%
Radio tunerDIAL
78.6%
Oodles and oodlesTONS
78.5%
German for 'are' or 'am'BIST
76.8%
Gather up a cropREAP
76.6%
Factory metal cansTINS
75.8%
A person from Odense or CopenhagenDANE
75.2%
Break the ____*BANK*
74.9%
You ____*WISH*
74.3%
American Western author GreyZANE
71.6%
To quote a passage in a bookCITE
71.6%
ThinLEAN
71.2%
Howls at the moonBAYS
71.2%
Spin ____*CITY*
70.9%
Unit for measuring the loudness of noiseSONE
70.5%
ForbidsBANS
70.1%
Judge Roy ____*BEAN*
69.3%
Formal or ceremonial actRITE
67.8%
Excessively abundantRIFE
67.1%
Pertaining to a 24-hour periodDIEL
66.7%
Raptors' Austin or singer IreneDAYE
65.5%
Sympathetic or kindly sorrowPITY
58.8%
Soft or spongy interior of a plantPITH
57.4%

Today's Daily Dose

Remove Ads.
Support Sporcle.
Get the best of Sporcle when you Go Orange. This ad-free experience offers more features, more stats, and more fun while also helping to support Sporcle. Thank you for becoming a member.

You're not logged in!

Compare scores with friends on all Sporcle quizzes.
OR
Log In

Show Comments

Extras

Top Quizzes Today


Score Distribution

Your Account Isn't Verified!

In order to create a playlist on Sporcle, you need to verify the email address you used during registration. Go to your Sporcle Settings to finish the process.

Report this User

Report this user for behavior that violates our Community Guidelines.

Details: